000 00541nam a2200193Ia 4500
999 _c22749
_d22749
003 OSt
005 20200214145826.0
008 190216s9999||||xx |||||||||||||| ||und||
020 _a9788182713956
040 _coclc
082 _a297
_bMOU/I
100 _aMoudoodi, Abul Ala
_91860
245 0 _aIslamika Samskaram /
_cAbul Ala Moudoodi
250 _a2nd ed.
260 _bIslamic Publishing House,
_aKozhikode:
_c2008.
300 _a225p
650 _aIslamic History
942 _cBK
_2ddc
_h297
_iMOU/I
_k297
_mMOU/I